Tudo sobre fotografia (Registo nº 200916)
[ vista simples ]
| 000 -Etiqueta do registo | |
|---|---|
| Valores | 00576nam 22001813 4500 |
| 100 ## - Dados gerais de processamento | |
| Dados gerais | 20260303d u||y0pory50 ba |
| 200 ## - Titulo e menção de responsabilidade | |
| Título próprio | Tudo sobre fotografia |
| Primeira menção de responsabilidade | Michael Busselle |
| Outras menções de responsabilidade | tradução de Léa Amaral Tarcha |
| 210 ## - Publicação | |
| Local de publicação | [Lisboa] |
| Nome do editor | Círculo de Leitores |
| Data de publicação | imp. 1980 |
| 215 ## - Descrição física | |
| Paginação / Volumes | 224 p. |
| Outras indicações físicas | il. ; encadernado |
| Dimensões | 30 cm |
| 606 ## - Nome comum usado como assunto | |
| ID Autoridade | 4512 |
| Palavra de ordem | Fotografia e processos similares |
| 675 ## - CDU | |
| Notação | 77 |
| Edição | PT |
| Língua | por |
| 700 ## - Autor principal (pessoa individual) | |
| ID Autoridade | 16599 |
| Apelido | Busselle |
| Nome | Michael |
| Datas | 1935-2006 |
| 702 ## - Autor secundário (pessoa individual) | |
| ID Autoridade | 16600 |
| Apelido | Tarcha |
| Nome | Léa Amaral |
| 801 ## - Fonte de origem | |
| País | PT |
| Agência | BMMN |
| Regras de catalogação | RPC |
| 830 ## - Notas gerais do catalogador | |
| Criado por | Vanda |
| 990 ## - Elementos KOHA | |
| Tipo de documento | Livro |
| Situação do levantamento | Biblioteca de origem | Código de barras | Cota | Permissão de empréstimo | Tipo de documento | Forma de aquisição |
|---|---|---|---|---|---|---|
| Biblioteca Municipal de Montemor-o-Novo | 30177 | 77 BUS|DEP | Livro | Compra |